| 000 | 00348nam a2200145Ia 4500 | ||
|---|---|---|---|
| 008 | 150201s1999 xx 000 0 und d | ||
| 082 |
_a617.643 _bO1999J |
||
| 100 | _aSANTOS | ||
| 245 | _aOCCLUSION : PRINCIPLES AND CONCEPTS | ||
| 250 | _a2ND | ||
| 260 |
_bAITBS _aDELHI _c1999 |
||
| 300 | _a1-147 | ||
| 650 | _aPROSTHODONTICS | ||
| 942 |
_2ddc _cBK _03 |
||
| 999 |
_c2691 _d2691 |
||